Fußballquiz - einfach - Statistiken

Allgemein
  • Dieses Quiz wurde 276 mal gespielt
  • Das Durchschnittsergebnis liegt bei 9 aus 10
Antwortstatistiken
Frage Antwort % Korrekt
Was ist eine „Schwalbe"? ein vorgetäuschtes Foul
99%
Wer schoss das entscheidende Tor im WM Finale 2014? Mario Götze
97%
Welche Liga gehört nicht zu den Top-5 Ligen? MLS
97%
Wie oft hat Deutschland die WM gewonnen? viermal
97%
Welcher Spieler hat den „Sui-Torjubel“? Christiano Ronaldo
96%
Welcher Verein spielt im Signal-Iduna-Park Borussia Dortmund
93%
Wie lange dauert eine Verlängerung? 2x 15 Minuten
88%
Welcher dieser Vereine spielt zur Saison 2023/24 in der Bundesliga? Union Berlin
81%
Welcher dieser Vereine hat kein „1.FC" im Vereinsnamen Schalke 04
63%
Wie viele Mannschaften nehmen am DFB-Pokal teil? 64
56%
Keine übereinstimmenden Quizze gefunden
Verteilung der Resultate
Anzahl Personen mit jedem Resultat
Perzentil nach korrekt beantworteten Fragen
Ihre Resultats-Entwicklung
Sie haben dieses Quiz noch nicht gespielt